|
|
|
|
| LEADER |
00000nab a2200000 a 4500 |
| 001 |
vtls000920509 |
| 003 |
SK-MaSNL |
| 005 |
20260305011951.0 |
| 008 |
040720e19911022xo 0 slo |
| 035 |
|
|
|a KE29386
|
| 040 |
|
|
|a KEVKJB
|b slo
|c KEVKJB
|e AACR2
|
| 041 |
0 |
|
|a slo
|
| 044 |
|
|
|a xo
|c SK
|
| 080 |
|
|
|a 32.októbra (film)
|2 1981
|
| 080 |
|
|
|a 791.43
|2 1981
|
| 100 |
1 |
|
|a Buzinkay, Alexander
|4 aut
|9 650872
|
| 245 |
1 |
0 |
|a Filmárske esá v Domici
|b Slovenské exteriéry sú svetové - tvrdí americký kameraman Gary Graver
|
| 650 |
0 |
7 |
|a film slovensko,americko,anglický
|2 KEVKJB
|9 1588415
|
| 650 |
0 |
7 |
|a natáčanie filmové
|2 KEVKJB
|9 1588416
|
| 650 |
0 |
7 |
|a priebeh
|2 KEVKJB
|9 29559
|
| 650 |
0 |
7 |
|a riporty
|2 KEVKJB
|9 877366
|
| 651 |
|
7 |
|a Zádielska dolina (Slovensko)
|2 KEVKJB
|9 58469
|
| 651 |
|
7 |
|a Domica (Slovensko : jaskyňa)
|2 KEVKJB
|9 22972
|
| 651 |
|
7 |
|a KS,
|2 KEVKJB
|9 880381
|
| 655 |
|
7 |
|a periodikum
|2 snkbucl
|9 29553
|
| 773 |
0 |
8 |
|t Slovenský východ
|g Roč. 1
|g Roč. 20, č.248, 22.10.1991, s. 1,2
|
| 852 |
|
|
|a ZVYKNI
|b KIS3GCP
|
| 999 |
|
|
|c 3255404
|d 3257334
|